Speech compression at low bit rate (Record no. 188789)
[ view plain ]
| 000 -LEADER | |
|---|---|
| fixed length control field | 00649 a2200181 4500 |
| 003 - CONTROL NUMBER IDENTIFIER | |
| control field | Nust |
| 005 - DATE AND TIME OF LATEST TRANSACTION | |
| control field | 20170207153549.0 |
| 040 ## - CATALOGING SOURCE | |
| Transcribing agency | Nust |
| 082 ## - DEWEY DECIMAL CLASSIFICATION NUMBER | |
| Classification number | 621.382 |
| 100 ## - MAIN ENTRY--PERSONAL NAME | |
| Personal name | Sharif, Muhammad (MSEE-02) |
| 245 ## - TITLE STATEMENT | |
| Title | Speech compression at low bit rate |
| Statement of responsibility, etc. | Muhammad Sharif |
| 260 ## - PUBLICATION, DISTRIBUTION, ETC. | |
| Name of publisher, distributor, etc. | MCS |
| Date of publication, distribution, etc. | December 1999 |
| 300 ## - PHYSICAL DESCRIPTION | |
| Extent | viii, 75 p |
| 505 ## - FORMATTED CONTENTS NOTE | |
| Formatted contents note | Introduction (page-1), Speech and techniques (page-5), Linear predictive coding (page-25), LPC to LSP coefficient conversion (page-48), Implementation and results of speech compression algorithm (page-57), Conclusion (page-65). |
| 538 ## - SYSTEM DETAILS NOTE | |
| System details note | Almirah no 72 shelf no. 1 |
| 650 ## - SUBJECT ADDED ENTRY--TOPICAL TERM | |
| Topical term or geographic name entry element | MSEE Thesis |
| 651 ## - SUBJECT ADDED ENTRY--GEOGRAPHIC NAME | |
| Geographic name | MSEE-2 |
| 942 ## - ADDED ENTRY ELEMENTS (KOHA) | |
| Koha item type | |
| Withdrawn status | Lost status | Source of classification or shelving scheme | Damaged status | Not for loan | Collection code | Permanent Location | Current Location | Date acquired | Total Checkouts | Full call number | Barcode | Date last seen | Price effective from | Koha item type |
|---|---|---|---|---|---|---|---|---|---|---|---|---|---|---|
| Military College of Signals (MCS) | Military College of Signals (MCS) | 12/12/2016 | 621.382 SHA | MCSTEE-180 | 12/08/2016 | 12/12/2016 | Book |
